000
00217nam a2200121Ia 4500
100
_a
#N/A
942
_c
BK
245
_a
Discrete Mathematics
260
_b
#N/A
082
_b
22748
546
_a
ENGLISH
999
_c
26502
_d
26502